000 00274nam a22001217a 4500
003 SGT
082 _a617.51
_bA11S
100 _aSATALOFF, ROBERT T.
245 _aATLAS OF ENDOSCOPIC LARYNGEAL SURGERY
260 _aINDIA
_bJAYPEE
_c2011
300 _a263
942 _2ddc
_cBK
999 _c14882
_d14882